|
|
|
|
| LEADER |
00000nam a22000007a 4500 |
| 005 |
20220712215612.0 |
| 007 |
cr|||| |||| |
| 008 |
220712s2022 co |||||s|||| 00||0 spa d |
| 020 |
|
|
|a 978-958-53906-1-4
|
| 035 |
|
|
|a 36697
|
| 040 |
|
|
|a vLex
|
| 090 |
|
|
|c 13544
|d 13544
|
| 100 |
1 |
|
|a Chavarro Cadena, Jorge Enrique
|
| 245 |
1 |
0 |
|a Cartilla Informacin̤ Exg̤ena en Medios Electrn̤icos para la DIAN 2022
|h [Recurso electrn̤ico] /
|c Jorge Enrique Chavarro Cadena, Jorge Enrique Beltrǹ Triana
|
| 256 |
|
|
|a Servicio en ln̕ea
|
| 260 |
|
|
|a Bogot:̀
|b Grupo Editorial Nueva Legislacin̤,
|c 2022
|
| 300 |
|
|
|a 1 recurso electrn̤ico
|
| 500 |
|
|
|a El 28 de octubre de 2020, la DIAN, emiti ̤la resolucin̤ 098/20, en la cual se establece el grupo de obligados y se seąla el contenido, caracters̕ticas tčnicas y plazos para brindar la informacin̤ correspondiente al aǫ gravable 2021. El pasado 28 de octubre de 2021, La DIAN modific ̤y adicion ̤dicha resolucin̤ 098/20, mediante la resolucin̤ 147/21. Los topes o bases, y criterios para determinar los obligados, no presentan variacin̤ en relacin̤ a aǫs anteriores. Se incluyen nuevos conceptos en algunos formatos, logrando que la informacin̤ a brindar sea ms̀ completa, lo que permitir ̀hacer un seguimiento ms̀ detallado en los cruces de terceros
|
| 506 |
1 |
|
|a Disponible solo en los productos indicados
|d vLex Global
|d vLex Global (Academic Edition, excluding Law Schools)
|d vLex Global (U.S. Academic Edition, Law Schools)
|d vLex Global (U.S. Academic Edition, excluding Law Schools)
|d vLex Global (Academic Edition, Law Schools)
|
| 650 |
0 |
4 |
|a Derecho Tributario
|z Colombia
|
| 700 |
1 |
|
|a Beltrǹ Triana, Jorge Enrique
|
| 740 |
0 |
|
|a vLex Libros (Servicio en ln̕ea)
|
| 856 |
4 |
0 |
|u https://app.vlex.com/#/sources/36697
|z Acceso restringido
|
| 942 |
|
|
|c BOOK
|
| 999 |
0 |
|
|a Tax Law
|